00446nam a2200157Ia 4500008004100000020001800041082001400059100001800073245004200091250000700133260003000140300002800170500001900198600002100217650005000238240925s9999 xx 000 0 und d a9781430229674 a005.2 FRE aFreeman, Adam 0aPro .Net 4 Parallel Programming in C# aNA aNew York:bApressc,2010. axi,404p.bN.AfOriginal aIncludes Index aComputer Science aComputer science, information & general works